offical 髭男 dism  50% 歌詞 - Statistics

General Stats
  • This quiz has been taken 3 times
  • The average score is 130 of 204
Answer Stats
Hint Answer % Correct
後悔の
100%
ないように
100%
誰かに
100%
誇れるように
100%
生きてみよう
100%
だなんて
100%
奮い立つのは
100%
良いけど
100%
ストレスが
100%
あっても
100%
耐え抜く事
100%
こそが
100%
美学だなんて
100%
言うなら
100%
ここで
100%
ひと息つこう
100%
競争の
100%
義務は
100%
ない
100%
リングも
100%
コースもない
100%
だからこそ
100%
手にする
100%
幸せも
100%
あるんだろう
100%
生きたいのにね
100%
じゃなきゃ
100%
ダメなんて
100%
いつ
100%
教わったんだっけ?
100%
100%
我に
100%
返って
100%
割と
100%
すぐに
100%
また
100%
間違えてを
100%
繰り返して
100%
すり減るまで
100%
灰に
100%
なるまで
100%
悪かねえ
100%
なわけがねえ!
100%
泡と
100%
消えた
100%
スローライフ
100%
滑り込んだ
100%
休日に
100%
誰かの
100%
輝いてる
100%
姿に
100%
勝手に
100%
焦り
100%
悔やみ
100%
現状に
100%
苛立ち
100%
眠れぬまま
100%
朝になる
100%
昼夜逆転が
100%
癖になる
100%
立ち止まってる
100%
場合じゃないと
100%
重い腰を
100%
動かし
100%
身の丈に合わない
100%
速度の
100%
トレッドミルに
100%
乗っかり
100%
転び
100%
風邪ひき
100%
自己管理も
100%
出来ない
100%
自分に
100%
何を
100%
成し遂げられると
100%
言うのだろう?
100%
なんて
100%
言わない!
100%
あまり
100%
病まないように
100%
コースも
100%
ダメ
100%
"100"
100%
"50"パーで
100%
50%
100%
だからこそ
100%
歌詞 Whoa, whoa Whoa, whoa
100%
Oh
100%
whoa, whoa
100%
よーいドン!
0%
もゴールもない
0%
記録もない
0%
人生も愛したい
0%
とはいえ
0%
現代社会
0%
しゃあない
0%
生きてくために
0%
やらないわけにいかない時は
0%
せめて
0%
上限にしよう
0%
もう負けとか
0%
どうでもいいよ
0%
自分の
0%
やりたい事だけ
0%
永く続けたい!
0%
返って
0%
灰になるまで
0%
なぜかねえ
0%
ってか
0%
きっと
0%
背負い込み
0%
過ぎていない?
0%
でも
0%
下ろしたいわけ
0%
じゃない?
0%
身体への
0%
問いかけを
0%
忘れてはいけない
0%
そう言う事みたい
0%
心の肩こりを
0%
緩めたなら
0%
さあ
0%
改めて
0%
今日から俺らは
0%
定位置で!
0%
ホルモン
0%
腸脳関係
0%
ジャンク疲れの
0%
自律神経
0%
労って
0%
熱いハグで
0%
全体
0%
気をつけんで
0%
休んで
0%
備えて
0%
ここぞで
0%
だけで放って
0%
君の
0%
"100"
0%
"100"%!
0%
"80"パーくらいを
0%
whoa, whoa
0%
No matching quizzes found
Score Distribution
Percent of People with Each Score
Percentile by Number Answered
Your Score History
You have not taken this quiz